Catálogo - Centro de Recursos para el Aprendizaje y la Investigación

Volver al Sitio - CRAI Biblioteca

Cuentos de los abuelos : (Registro nro. 114680)

Detalles MARC
000 -CABECERA
campo de control de longitud fija 01567nam a2200313 4500
001 - NÚMERO DE CONTROL
campo de control 114680
003 - IDENTIFICADOR DEL NÚMERO DE CONTROL
campo de control DR-UNIBE
005 - FECHA Y HORA DE LA ÚLTIMA TRANSACCIÓN
campo de control 20260522142907.0
008 - DATOS DE LONGITUD FIJA--INFORMACIÓN GENERAL
campo de control de longitud fija 260522b2018 dr ||||| |||| 00| 1 spa d
020 ## - NÚMERO INTERNACIONAL ESTÁNDAR DEL LIBRO
Número Internacional Estándar del Libro 9789945197648
040 ## - FUENTE DE LA CATALOGACIÓN
Centro catalogador/agencia de origen BIBLIOTECA UNIBE
Lengua de catalogación spa
Centro/agencia transcriptor BIBLIOTECA UNIBE
Normas de descripción rda
041 ## - CÓDIGO DE LENGUA
Código de lengua del texto/banda sonora o título independiente spa
090 ## - LOCALMENTE ASIGNADO TIPO-LC NÚMERO DE CLASIFICACIÓN (OCLC); NÚMERO DE CLASIFICACIÓN LOCAL (RLIN)
Número de clasificación (OCLC) (R) ; Numero de clasificación, CALL (RLIN) (NR) FBIU-L C C965
245 10 - MENCIÓN DE TÍTULO
Título Cuentos de los abuelos :
Resto del título antología /
Mención de responsabilidad, etc. selección, edición, presentación, fotografías: Andrés Blanco Díaz ; director editorial: Claudia Llibre ; director de arte y producción: Moises Kelly Santana ; subdirector de arte: Lilian Salcedo Fernández ; diagramación: Ana Gómez Otaño
250 ## - MENCIÓN DE EDICIÓN
Mención de edición Primera edición
260 ## - PUBLICACIÓN, DISTRIBUCIÓN, ETC.
Lugar de publicación, distribución, etc. Santo Domingo :
Nombre del editor, distribuidor, etc. Loqueleo :
-- Santillana,
Fecha de publicación, distribución, etc. 2018
300 ## - DESCRIPCIÓN FÍSICA
Extensión 220 páginas :
Otras características físicas fotos en b/n ;
Dimensiones 21 x 14 cm
500 ## - NOTA GENERAL
Nota general Incluye biografía del compilador y comentario de la obra en la contraportada, fotografías del archivo personal de Andrés Blanco Díaz
653 #7 - TÉRMINO DE INDIZACIÓN--NO CONTROLADO
Término no controlado Cuentos dominicanos - Antologías
653 #7 - TÉRMINO DE INDIZACIÓN--NO CONTROLADO
Término no controlado Historia colonial dominicana - Cuentos - Antologías
653 #7 - TÉRMINO DE INDIZACIÓN--NO CONTROLADO
Término no controlado Historia republicana dominicana - Cuentos - Antologías
653 #7 - TÉRMINO DE INDIZACIÓN--NO CONTROLADO
Término no controlado Literatura dominicana - Antologías
700 10 - PUNTO DE ACCESO ADICIONAL--NOMBRE DE PERSONA
Nombre de persona Blanco Díaz, Andrés,
Fechas asociadas al nombre 1954-
9 (RLIN) 144547
Término indicativo de función/relación selección
-- editor
-- presentador
-- fotografías
700 10 - PUNTO DE ACCESO ADICIONAL--NOMBRE DE PERSONA
Nombre de persona Llibre, Claudia
9 (RLIN) 115216
Término indicativo de función/relación director editorial
700 10 - PUNTO DE ACCESO ADICIONAL--NOMBRE DE PERSONA
Nombre de persona Kelly Santana, Moisés
9 (RLIN) 115217
Término indicativo de función/relación director de arte
-- producción
700 10 - PUNTO DE ACCESO ADICIONAL--NOMBRE DE PERSONA
Nombre de persona Salcedo Fernández, Lilian
9 (RLIN) 115218
Término indicativo de función/relación subdirector de arte
700 10 - PUNTO DE ACCESO ADICIONAL--NOMBRE DE PERSONA
Nombre de persona Gómez Otaño, Ana
9 (RLIN) 115219
Término indicativo de función/relación diagramador
942 ## - ELEMENTOS DE PUNTO DE ACCESO ADICIONAL (KOHA)
Fuente del sistema de clasificación o colocación Sistema de Clasificación Decimal Dewey
Tipo de ítem Koha Libro (general)
Existencias
Estado de retiro Estado de pérdida Fuente del sistema de clasificación o colocación No para préstamo Código de colección Localización permanente Fecha de adquisición Total de préstamos Signatura topográfica completa Código de barras Fecha visto por última vez Número de copia Precio válido a partir de Tipo de ítem Koha
  Disponible Sistema de Clasificación Decimal Dewey No se presta Fondo Bibliográfico IBBY-UNIBE Biblioteca Central UNIBE 11/03/2026   FBIU-L C C965 FBIU0944 22/05/2026 Ej. 1 22/05/2026 Libro (reserva)